000 005670000a22001930004500
999 _c49286
_d49286
001 2140
003 CO-MdFUSB
005 20170926153244.0
008 170926b xxu||||| |||| 00| 0 eng d
020 _a958-30-0726-9
040 _cCO-MdBIC
082 0 4 _a868HC P191bn
100 1 _aBiblia, Español
245 1 0 _aBiblia para niños : antiguo y nuevo tesamento / adaptación de text Claire Boistard ; ilustracion Dagoberto Fuentes
260 _aBogota : Panamericana
300 _a192 P.
650 1 4 _aHistorias de la Biblia \ Literatura Infanil
942 _cLGB